00419nam a2200121Ia 4500008004100000245004400041245004300085260000900128650002000137856004800157999001900205952007300224171211s9999 xx 000 0 und d aFrom Blank Space To Blogging Brilliance cC. D. Beatrice Clay and Raven Robinson c2015 xWeb Development uhttp://down.ebook777.com/005/B00W4JYPME.pdf c350121d350121 001040aCLbCLd2017-12-11l0r2017-12-11 00:00:00w2017-12-11yCBE